Evolución de la población española en el siglo XX, por provincias y comunidades autónomas / (Record no. 16799)

MARC details
000 -LEADER
campo de control de longitud fija 01265nam a2200373Ia 4500
001 - NÚMERO DE CONTROL
campo de control 025434025435
008 - DATOS DE LONGITUD FIJA--INFORMACIÓN GENERAL
campo de control de longitud fija 221003s2007 xx 000 0 spa d
020 ## - NÚMERO INTERNACIONAL ESTÁNDAR DEL LIBRO
Número Internacional Estándar del Libro 978-84-96515-45-1 (o.c.)
035 ## - NÚMERO DE CONTROL DEL SISTEMA
Número de control de sistema CENDO_16800
041 ## - CÓDIGO DE IDIOMA
Código de lengua del texto/banda sonora o título independiente spa
084 ## - OTRO NÚMERO DE CLASIFICACIÓN
Número de clasificación CD-08621/1CD-08621/2
100 ## - ENTRADA PRINCIPAL--NOMBRE DE PERSONA
Nombre de persona ALCAIDE GUINDO, Pablo
9 (RLIN) 16853
245 #0 - MENCIÓN DEL TÍTULO
Título Evolución de la población española en el siglo XX, por provincias y comunidades autónomas /
Mención de responsabilidad, etc. Pablo Alcaide Guindo, Pedro Alcaide Guindo, Paulino García Fernández ; dirigido por. Julio Alcaide Inchausti
260 ## - PUBLICACIÓN, DISTRIBUCIÓN, ETC.
Lugar de publicación, distribución, etc. Bilbao :
Nombre del editor, distribuidor, etc. Fundación BBVA,
Fecha de publicación, distribución, etc. 2007
300 ## - DESCRIPCIÓN FÍSICA
Extensión 2 v. (557 p.) :
Otras características físicas il., gráf. ;
Dimensiones 24 cm + 1 Cd-Rom
650 ## - PUNTO DE ACCESO ADICIONAL DE MATERIA--TÉRMINO DE MATERIA
Término de materia o nombre geográfico como elemento de entrada POBLACION
9 (RLIN) 839
650 ## - PUNTO DE ACCESO ADICIONAL DE MATERIA--TÉRMINO DE MATERIA
Término de materia o nombre geográfico como elemento de entrada DEMOGRAFIA
9 (RLIN) 877
650 ## - PUNTO DE ACCESO ADICIONAL DE MATERIA--TÉRMINO DE MATERIA
Término de materia o nombre geográfico como elemento de entrada POBLACION ACTIVA
9 (RLIN) 1546
650 ## - PUNTO DE ACCESO ADICIONAL DE MATERIA--TÉRMINO DE MATERIA
Término de materia o nombre geográfico como elemento de entrada MIGRACION
9 (RLIN) 358
650 ## - PUNTO DE ACCESO ADICIONAL DE MATERIA--TÉRMINO DE MATERIA
Término de materia o nombre geográfico como elemento de entrada METODOLOGIA
9 (RLIN) 460
650 ## - PUNTO DE ACCESO ADICIONAL DE MATERIA--TÉRMINO DE MATERIA
Término de materia o nombre geográfico como elemento de entrada HISTORIA
9 (RLIN) 26
650 ## - PUNTO DE ACCESO ADICIONAL DE MATERIA--TÉRMINO DE MATERIA
Término de materia o nombre geográfico como elemento de entrada CUADROS ESTADISTICOS
9 (RLIN) 14
700 ## - ENTRADA AGREGADA--NOMBRE PERSONAL
Nombre de persona ALCAIDE GUINDO, Pedro
9 (RLIN) 16854
700 ## - ENTRADA AGREGADA--NOMBRE PERSONAL
Nombre de persona GARCIA FERNANDEZ, Paulino
9 (RLIN) 16855
700 ## - ENTRADA AGREGADA--NOMBRE PERSONAL
Nombre de persona ALCAIDE INCHAUSTI, Julio,
Término indicativo de función/relación dir.
9 (RLIN) 5881
710 ## - ENTRADA AGREGADA--NOMBRE DE ENTIDAD CORPORATIVA
Nombre de entidad corporativa o nombre de jurisdicción como elemento de entrada FUNDACION BBVA
Sede del congreso/Lugar de la reunión Bilbao,
Término indicativo de función/relación ed.
9 (RLIN) 6642
901 ## - ELEMENTOS DE DATOS A LOCAL LDA (RLIN)
a 1
903 ## - ELEMENTOS DE DATOS C LOCAL, LDC (RLIN)
a NO
904 ## - ELEMENTOS DE DATOS D LOCAL, LDD (RLIN)
a 000
953 ## -
-- 2008-03-06
-- MONOGRAFIA
-- CD-08621/1CD-08621/2
910 ## - DATOS DE OPCIÓN DEL USUARIO (OCLC)
Datos de opción del usuario 2007
942 ## - ELEMENTOS DE ENTRADA SECUNDARIOS (KOHA)
Tipo de ítem Koha Monografía
Holdings
Estatus retirado Estado de pérdida Estado de daño No para préstamo Biblioteca de origen Biblioteca actual Fecha de adquisición Número de inventario Total de préstamos Signatura topográfica completa Código de barras Visto por última vez Precio de reemplazo Tipo de ítem Koha
        CENDO CENDO 06/03/2008 25434   CD-08621/1 CENDO_56740 27/02/2023 27/02/2023 Monografía
        CENDO CENDO 06/03/2008 25435   CD-08621/2 CENDO_56741 27/02/2023 27/02/2023 Monografía